[Event "Bundesliga 9798"]
[Site "Deutschland"]
[Date "1998.??.??"]
[Round "?.6"]
[White "Thesing, Matthias"]
[Black "Helbig, Uwe"]
[Result "1-0"]
[WhiteElo "2440"]
[BlackElo "2240"]
[PlyCount "53"]
[EventDate "1997.10.??"]
[EventType "team"]
[EventRounds "15"]
[EventCountry "GER"]
[SourceTitle "Bundesliga 9798"]
[Source "DeepChess"]
[SourceDate "2005.01.01"]
[SourceVersion "1"]
[SourceVersionDate "2005.01.01"]
[SourceQuality "1"]
[WhiteTeam "PSV Turm Duisburg 1920 e.V."]
[BlackTeam "USG Chemnitz"]
[WhiteTeamCountry "GER"]
[BlackTeamCountry "GER"]

1. e4 d6 2. d4 Nf6 3. Nc3 g6 4. Nf3 Bg7 5. Be2 O-O 6. O-O Bg4 7. h3 Bxf3 8.
Bxf3 e5 9. dxe5 dxe5 10. Qxd8 Rxd8 11. Nb5 Rd7 12. Be3 a6 13. Na3 Nc6 14. c3
Rad8 15. b4 Bf8 16. Nc4 b5 17. Nb2 a5 18. a3 Ne7 19. g4 h6 20. h4 Ra8 21. Rad1
axb4 22. axb4 Rad8 23. Rxd7 Rxd7 24. Ra1 c6 25. Ra8 Kg7 26. Bxh6+ Kxh6 27. g5+
1-0

[Event "Bundesliga 9798"]
[Site "Deutschland"]
[Date "1998.??.??"]
[Round "?.7"]
[White "Ahner, Andreas"]
[Black "Pirrot, Dieter"]
[Result "0-1"]
[WhiteElo "2250"]
[BlackElo "2410"]
[PlyCount "52"]
[EventDate "1997.10.??"]
[EventType "team"]
[EventRounds "15"]
[EventCountry "GER"]
[SourceTitle "Bundesliga 9798"]
[Source "DeepChess"]
[SourceDate "2005.01.01"]
[SourceVersion "1"]
[SourceVersionDate "2005.01.01"]
[SourceQuality "1"]
[WhiteTeam "USG Chemnitz"]
[BlackTeam "PSV Turm Duisburg 1920 e.V."]
[WhiteTeamCountry "GER"]
[BlackTeamCountry "GER"]

1. d4 d5 2. Nf3 Nc6 3. c4 Bg4 4. e3 e5 5. h3 Bxf3 6. Qxf3 Nf6 7. cxd5 Qxd5 8.
Qxd5 Nxd5 9. Nc3 Ndb4 10. d5 O-O-O 11. Bb5 Ne7 12. Ke2 Nexd5 13. Bd2 f6 14.
Rhc1 c6 15. Bc4 Nb6 16. Be6+ Kb8 17. Bb3 Nd3 18. Rc2 Nc5 19. Bf7 Rd7 20. Be8
Re7 21. Bh5 g6 22. b4 Nca4 23. Bf3 Nxc3+ 24. Bxc3 e4 25. Bxf6 exf3+ 26. gxf3
Bg7 0-1

[Event "Bundesliga 9798"]
[Site "Deutschland"]
[Date "1998.??.??"]
[Round "?.8"]
[White "Zude, Arno"]
[Black "Pester, Karl Heinz"]
[Result "1-0"]
[WhiteElo "2395"]
[BlackElo "2054"]
[PlyCount "41"]
[EventDate "1997.10.??"]
[EventType "team"]
[EventRounds "15"]
[EventCountry "GER"]
[SourceTitle "Bundesliga 9798"]
[Source "DeepChess"]
[SourceDate "2005.01.01"]
[SourceVersion "1"]
[SourceVersionDate "2005.01.01"]
[SourceQuality "1"]
[WhiteTeam "PSV Turm Duisburg 1920 e.V."]
[BlackTeam "USG Chemnitz"]
[WhiteTeamCountry "GER"]
[BlackTeamCountry "GER"]

1. e4 e6 2. d4 d5 3. e5 c5 4. c3 Qb6 5. Nf3 Bd7 6. Be2 Bb5 7. c4 Bxc4 8. Bxc4
Qb4+ 9. Nbd2 dxc4 10. a3 Qb5 11. O-O Nc6 12. dxc5 Rd8 13. Qe2 Bxc5 14. b4 Nd4
15. Nxd4 Bxd4 16. Nxc4 Qd5 17. Ra2 Ne7 18. Rd2 O-O 19. Bb2 Nf5 20. Rfd1 Nh4 21.
Ne3 1-0

[Event "Bundesliga 9798"]
[Site "Deutschland"]
[Date "1997.10.19"]
[Round "?.1"]
[White "Hracek, Zbynek"]
[Black "Dautov, Rustem"]
[Result "1-0"]
[WhiteElo "2605"]
[BlackElo "2595"]
[PlyCount "73"]
[EventDate "1997.10.??"]
[EventType "team"]
[EventRounds "15"]
[EventCountry "GER"]
[SourceTitle "Bundesliga 9798"]
[Source "DeepChess"]
[SourceDate "2005.01.01"]
[SourceVersion "1"]
[SourceVersionDate "2005.01.01"]
[SourceQuality "1"]
[WhiteTeam "SAbt SV Werder Bremen"]
[BlackTeam "SC Anderssen St.Ingbert 1920 e.V."]
[WhiteTeamCountry "GER"]
[BlackTeamCountry "GER"]

1. e4 c6 2. d4 d5 3. exd5 cxd5 4. c4 Nf6 5. Nc3 e6 6. Nf3 Bb4 7. Bg5 Qa5 8. Bd2
Ne4 9. Nxe4 dxe4 10. a3 Bxd2+ 11. Nxd2 Nc6 12. b4 Qf5 13. Nb3 a6 14. Ra2 O-O
15. Be2 Qg6 16. O-O e5 17. Bh5 Qg5 18. d5 Nd4 19. Nc5 Bf5 20. Re1 Rac8 21. Be2
b6 22. Na4 Bh3 23. g3 e3 24. f3 f5 25. Kh1 f4 26. Rg1 Qh6 27. c5 Nf5 28. Bxa6
fxg3 29. Bxc8 g2+ 30. Rgxg2 Bxg2+ 31. Rxg2 Rxc8 32. Nxb6 Rf8 33. Nd7 Re8 34. d6
Nd4 35. Nxe5 e2 36. Rxe2 Nxe2 37. Qd5+ 1-0

[Event "Bundesliga 9798"]
[Site "Deutschland"]
[Date "1997.??.??"]
[Round "?.2"]
[White "Giorgadze, Giorgi"]
[Black "Kindermann, Stefan"]
[Result "1-0"]
[WhiteElo "2625"]
[BlackElo "2570"]
[PlyCount "93"]
[EventDate "1997.10.??"]
[EventType "team"]
[EventRounds "15"]
[EventCountry "GER"]
[SourceTitle "Bundesliga 9798"]
[Source "DeepChess"]
[SourceDate "2005.01.01"]
[SourceVersion "1"]
[SourceVersionDate "2005.01.01"]
[SourceQuality "1"]
[WhiteTeam "SC Anderssen St.Ingbert 1920 e.V."]
[BlackTeam "SAbt SV Werder Bremen"]
[WhiteTeamCountry "GER"]
[BlackTeamCountry "GER"]

1. d4 Nf6 2. c4 g6 3. Nc3 Bg7 4. Nf3 d6 5. e4 O-O 6. Be2 e5 7. Be3 c6 8. Qd2
Nbd7 9. O-O a6 10. Rfd1 Re8 11. dxe5 dxe5 12. b4 Qe7 13. Qb2 Nh5 14. c5 Nf4 15.
Bf1 Nf8 16. Nd2 Be6 17. Na4 Red8 18. Nb6 Rab8 19. Nbc4 h5 20. Nd6 h4 21. h3 Nh7
22. Nf3 Ng5 23. Nxg5 Qxg5 24. Kh2 Qe7 25. Rd2 Bf6 26. Rad1 Rd7 27. a4 Ra8 28.
Qc3 Nh5 29. b5 axb5 30. axb5 cxb5 31. Bxb5 Rc7 32. Bc4 Ng7 33. Nb5 Rc6 34. Bxe6
Nxe6 35. Rd7 Qf8 36. Nd6 Rc7 37. Nxf7 Rac8 38. Qb3 Qe8 39. Nh6+ Kh8 40. Rxc7
Rxc7 41. Rd6 Re7 42. Ng4 Bg7 43. Qd5 Kh7 44. Rb6 Nd8 45. Bg5 Rd7 46. Rd6 Rxd6
47. cxd6 1-0

[Event "Bundesliga 9798"]
[Site "Deutschland"]
[Date "1997.??.??"]
[Round "?.3"]
[White "Knaak, Rainer"]
[Black "Degraeve, Jean Marc"]
[Result "0-1"]
[WhiteElo "2555"]
[BlackElo "2540"]
[PlyCount "94"]
[EventDate "1997.10.??"]
[EventType "team"]
[EventRounds "15"]
[EventCountry "GER"]
[SourceTitle "Bundesliga 9798"]
[Source "DeepChess"]
[SourceDate "2005.01.01"]
[SourceVersion "1"]
[SourceVersionDate "2005.01.01"]
[SourceQuality "1"]
[WhiteTeam "SAbt SV Werder Bremen"]
[BlackTeam "SC Anderssen St.Ingbert 1920 e.V."]
[WhiteTeamCountry "GER"]
[BlackTeamCountry "GER"]

1. d4 Nf6 2. c4 e6 3. Nc3 Bb4 4. e3 O-O 5. Bd3 c5 6. Nf3 b6 7. O-O Bb7 8. Na4
Qe7 9. a3 Ba5 10. Rb1 Rc8 11. Ne1 Bc6 12. Bc2 Bxe1 13. Rxe1 cxd4 14. exd4 Bxa4
15. Bxa4 Rxc4 16. d5 Qc5 17. dxe6 fxe6 18. Be3 Qf5 19. Bb3 Rh4 20. Bd4 Kh8 21.
g3 Rh6 22. Be3 Rh5 23. f3 Qh3 24. Qe2 Nc6 25. Rbd1 Rf8 26. Rf1 Re5 27. Qd2 Nd5
28. Bxd5 Rxd5 29. Qe2 Rdf5 30. Bf4 e5 31. Be3 R5f7 32. Qc2 Ne7 33. Qe4 Nf5 34.
Bf2 Rf6 35. Qg4 Qxg4 36. fxg4 Nd4 37. Kg2 Kg8 38. Rd2 d5 39. Rfd1 Nb3 40. Re2
d4 41. g5 Re6 42. Re4 Rd8 43. Kf1 a5 44. Ke1 a4 45. h4 Nc5 46. Re2 Ree8 47. Rc2
e4 0-1

[Event "Bundesliga 9798"]
[Site "Deutschland"]
[Date "1997.??.??"]
[Round "?.4"]
[White "Kachiani Gersinska, Ketino"]
[Black "Meins, Gerlef"]
[Result "1-0"]
[WhiteElo "2415"]
[BlackElo "2460"]
[PlyCount "53"]
[EventDate "1997.10.??"]
[EventType "team"]
[EventRounds "15"]
[EventCountry "GER"]
[SourceTitle "Bundesliga 9798"]
[Source "DeepChess"]
[SourceDate "2005.01.01"]
[SourceVersion "1"]
[SourceVersionDate "2005.01.01"]
[SourceQuality "1"]
[WhiteTeam "SC Anderssen St.Ingbert 1920 e.V."]
[BlackTeam "SAbt SV Werder Bremen"]
[WhiteTeamCountry "GER"]
[BlackTeamCountry "GER"]

1. d4 d5 2. c4 dxc4 3. e3 Nf6 4. Nf3 e6 5. Bxc4 c5 6. Qe2 cxd4 7. exd4 Be7 8.
Nc3 O-O 9. O-O Nc6 10. Rd1 Nd5 11. Bb3 Re8 12. Bd2 Bf6 13. Ne4 Bxd4 14. Bg5 f6
15. Nxd4 fxg5 16. Qh5 Nxd4 17. Rxd4 h6 18. Nf6+ gxf6 19. Qg6+ Kf8 20. Qxh6+ Ke7
21. Rad1 Rf8 22. Bxd5 exd5 23. Rxd5 Qb6 24. Qh7+ Rf7 25. Qe4+ Be6 26. Rd6 Qxd6
27. Qxb7+ 1-0

[Event "Bundesliga 9798"]
[Site "Deutschland"]
[Date "1997.??.??"]
[Round "?.5"]
[White "Heissler, Jakob"]
[Black "Werner, Dimo"]
[Result "1-0"]
[WhiteElo "2435"]
[BlackElo "2420"]
[PlyCount "79"]
[EventDate "1997.10.??"]
[EventType "team"]
[EventRounds "15"]
[EventCountry "GER"]
[SourceTitle "Bundesliga 9798"]
[Source "DeepChess"]
[SourceDate "2005.01.01"]
[SourceVersion "1"]
[SourceVersionDate "2005.01.01"]
[SourceQuality "1"]
[WhiteTeam "SAbt SV Werder Bremen"]
[BlackTeam "SC Anderssen St.Ingbert 1920 e.V."]
[WhiteTeamCountry "GER"]
[BlackTeamCountry "GER"]

1. c4 Nf6 2. Nc3 d6 3. d4 Nbd7 4. e4 e5 5. Nf3 g6 6. Be2 Bg7 7. O-O O-O 8. d5
Nc5 9. Qc2 a5 10. Be3 b6 11. Nd2 Ne8 12. a3 f5 13. f3 a4 14. Bxc5 bxc5 15. Nxa4
Bh6 16. Nc3 Qh4 17. Rfd1 Be3+ 18. Kh1 Nf6 19. Nf1 Bd4 20. exf5 gxf5 21. Nb5 Rf7
22. Nxd4 cxd4 23. Ng3 f4 24. Ne4 Nxe4 25. fxe4 Rf6 26. Rd3 Rh6 27. h3 Bd7 28.
a4 Kh8 29. Qd1 Rg8 30. Qf1 f3 31. Rxf3 Qxe4 32. Bd3 Qh4 33. Re1 Bxa4 34. Rf8
Qg3 35. Re4 Rhg6 36. Rxg8+ Kxg8 37. Re1 Rg7 38. Ra1 Rf7 39. Qe2 Rf2 40. Qe4
$138 1-0

[Event "Bundesliga 9798"]
[Site "Deutschland"]
[Date "1997.??.??"]
[Round "?.6"]
[White "Becker, Marc"]
[Black "Blatny, Pavel"]
[Result "0-1"]
[WhiteElo "2430"]
[BlackElo "2555"]
[PlyCount "148"]
[EventDate "1997.10.??"]
[EventType "team"]
[EventRounds "15"]
[EventCountry "GER"]
[SourceTitle "Bundesliga 9798"]
[Source "DeepChess"]
[SourceDate "2005.01.01"]
[SourceVersion "1"]
[SourceVersionDate "2005.01.01"]
[SourceQuality "1"]
[WhiteTeam "SC Anderssen St.Ingbert 1920 e.V."]
[BlackTeam "SAbt SV Werder Bremen"]
[WhiteTeamCountry "GER"]
[BlackTeamCountry "GER"]

1. c4 e5 2. g3 Nc6 3. Bg2 g6 4. Nc3 Bg7 5. Rb1 a5 6. a3 f5 7. b4 axb4 8. axb4
Nf6 9. d3 O-O 10. b5 Ne7 11. Nf3 d6 12. Qb3 Nd7 13. c5+ Kh8 14. cxd6 cxd6 15.
Ba3 Nc5 16. Bxc5 dxc5 17. Ng5 e4 18. O-O Qd6 19. dxe4 Qf6 20. h4 Qxc3 21. Nf7+
Kg8 22. Nh6+ Kh8 23. Nf7+ Rxf7 24. Qxf7 Qf6 25. Qxf6 Bxf6 26. Rfc1 fxe4 27.
Bxe4 Bf5 28. Bxf5 Nxf5 29. e4 Nd6 30. e5 Bxe5 31. Rxc5 Bg7 32. Rd1 Bf8 33. Rc7
Kg8 34. Rd7 Nxb5 35. Rxb7 Nd6 36. Rd7 Ra6 37. Rc1 h5 38. Kg2 Nf5 39. Rcc7 Rf6
40. Rc8 Nh6 41. f3 Nf7 42. Rd5 Nh6 43. Rd7 Nf5 44. Rc3 Re6 45. Rc8 Ne7 46. Rc3
Bg7 47. Rcc7 Bf6 48. Rc2 Kf7 49. Rb7 Re3 50. Kf2 Bd4 51. Kg2 Ke6 52. Rb8 Nf5
53. Rc6+ Kd5 54. Rxg6 Re2+ 55. Kf1 Rf2+ 56. Ke1 Rxf3 57. Rg5 Ke4 58. Rb4 Nxg3
59. Kd2 Rf2+ 60. Kd1 Rg2 61. Rb3 Be3 62. Rg8 Rg1+ 63. Kc2 Bf4 64. Rb4+ Kf3 65.
Rf8 Ne2 66. Rf5 Rg2 67. Kb3 Rg3 68. Kb2 Kg4 69. Rfb5 Rg2 70. Ka1 Nc3 71. Rxf4+
Kxf4 72. Rf5+ Kg4 73. Rf4+ Kh3 74. Rf3+ Rg3 0-1

[Event "Bundesliga 9798"]
[Site "Deutschland"]
[Date "1997.??.??"]
[Round "?.7"]
[White "Floegel, Ulrich"]
[Black "Gross, Georg"]
[Result "1/2-1/2"]
[WhiteElo "2365"]
[BlackElo "2360"]
[PlyCount "61"]
[EventDate "1997.10.??"]
[EventType "team"]
[EventRounds "15"]
[EventCountry "GER"]
[SourceTitle "Bundesliga 9798"]
[Source "DeepChess"]
[SourceDate "2005.01.01"]
[SourceVersion "1"]
[SourceVersionDate "2005.01.01"]
[SourceQuality "1"]
[WhiteTeam "SAbt SV Werder Bremen"]
[BlackTeam "SC Anderssen St.Ingbert 1920 e.V."]
[WhiteTeamCountry "GER"]
[BlackTeamCountry "GER"]

1. Nf3 f5 2. d3 Nc6 3. g3 Nf6 4. Bg2 g6 5. O-O Bg7 6. c4 O-O 7. Nc3 d6 8. Rb1
e5 9. b4 h6 10. b5 Ne7 11. Ne1 g5 12. Nc2 f4 13. Nb4 Nf5 14. e3 Kh8 15. Nbd5
Nxd5 16. Nxd5 Be6 17. Kh1 Qd7 18. Nc3 Rab8 19. Ne4 Qf7 20. Bd2 Qg6 21. Rg1 fxe3
22. fxe3 g4 23. Qe2 h5 24. Nf2 Bh6 25. Be4 Rf7 26. Rbf1 Bg5 27. h4 gxh3 28.
Nxh3 Qh6 29. Nxg5 Qxg5 30. Qh2 Nh6 31. Qh4 1/2-1/2

[Event "Bundesliga 9798"]
[Site "Deutschland"]
[Date "1997.??.??"]
[Round "?.8"]
[White "Kummerow, Heiko"]
[Black "Meyer, Claus Dieter"]
[Result "1/2-1/2"]
[WhiteElo "2300"]
[BlackElo "2335"]
[PlyCount "81"]
[EventDate "1997.10.??"]
[EventType "team"]
[EventRounds "15"]
[EventCountry "GER"]
[SourceTitle "Bundesliga 9798"]
[Source "DeepChess"]
[SourceDate "2005.01.01"]
[SourceVersion "1"]
[SourceVersionDate "2005.01.01"]
[SourceQuality "1"]
[WhiteTeam "SC Anderssen St.Ingbert 1920 e.V."]
[BlackTeam "SAbt SV Werder Bremen"]
[WhiteTeamCountry "GER"]
[BlackTeamCountry "GER"]

1. e4 c5 2. Nf3 e6 3. d4 cxd4 4. Nxd4 Nf6 5. Nc3 d6 6. g4 h6 7. g5 hxg5 8. Bxg5
a6 9. f4 Be7 10. Qe2 Nh5 11. Bxe7 Qxe7 12. Qf2 Bd7 13. O-O-O Nc6 14. Nb3 O-O-O
15. Be2 Be8 16. Rhg1 Qf6 17. Rdf1 Qh6 18. Kb1 Nf6 19. Rg2 d5 20. e5 Nd7 21. Nc5
Nxc5 22. Qxc5 g6 23. Qb6 Qf8 24. Bxa6 bxa6 25. Qxa6+ Kb8 26. Qb6+ Kc8 27. Qa6+
Kb8 28. Rg3 Qe7 29. Na4 Qa7 30. Qb5+ Kc7 31. Nc5 Rb8 32. Na6+ Kd7 33. Nxb8+
Qxb8 34. Qa6 Qa7 35. Qb5 Qa5 36. Qb7+ Qc7 37. Qa6 Qa7 38. Qb5 Qa5 39. Qb7+ Qc7
40. Qa6 Qa5 41. Qb7+ 1/2-1/2

[Event "Bundesliga 9798"]
[Site "Deutschland"]
[Date "1998.??.??"]
[Round "?.1"]
[White "Stohl, Igor"]
[Black "Hracek, Zbynek"]
[Result "1/2-1/2"]
[WhiteElo "2565"]
[BlackElo "2605"]
[PlyCount "31"]
[EventDate "1997.10.??"]
[EventType "team"]
[EventRounds "15"]
[EventCountry "GER"]
[SourceTitle "Bundesliga 9798"]
[Source "DeepChess"]
[SourceDate "2005.01.01"]
[SourceVersion "1"]
[SourceVersionDate "2005.01.01"]
[SourceQuality "1"]
[WhiteTeam "SF Neukoelln 03 e.V."]
[BlackTeam "SAbt SV Werder Bremen"]
[WhiteTeamCountry "GER"]
[BlackTeamCountry "GER"]

1. d4 d5 2. c4 c6 3. Nc3 Nf6 4. e3 a6 5. Nf3 b5 6. b3 Bg4 7. Be2 Nbd7 8. O-O e6
9. h3 Bh5 10. Bb2 Bd6 11. Ne5 Bxe2 12. Nxe2 Qc7 13. cxd5 cxd5 14. Rc1 Qb8 15.
Qc2 O-O 16. Nxd7 1/2-1/2

[Event "Bundesliga 9798"]
[Site "Deutschland"]
[Date "1998.??.??"]
[Round "?.2"]
[White "Kindermann, Stefan"]
[Black "Baburin, Alexander"]
[Result "1/2-1/2"]
[WhiteElo "2570"]
[BlackElo "2570"]
[PlyCount "48"]
[EventDate "1997.10.??"]
[EventType "team"]
[EventRounds "15"]
[EventCountry "GER"]
[SourceTitle "Bundesliga 9798"]
[Source "DeepChess"]
[SourceDate "2005.01.01"]
[SourceVersion "1"]
[SourceVersionDate "2005.01.01"]
[SourceQuality "1"]
[WhiteTeam "SAbt SV Werder Bremen"]
[BlackTeam "SF Neukoelln 03 e.V."]
[WhiteTeamCountry "GER"]
[BlackTeamCountry "GER"]

1. e4 Nf6 2. e5 Nd5 3. d4 d6 4. Nf3 Bg4 5. Be2 e6 6. h3 Bh5 7. O-O Be7 8. c4
Nb6 9. Nc3 O-O 10. Be3 d5 11. c5 Bxf3 12. gxf3 Nc8 13. f4 Nc6 14. b4 Bh4 15.
Rb1 N8e7 16. Bd3 g6 17. Qf3 Nf5 18. Bxf5 gxf5 19. Qh5 Kh8 20. Kh2 Rg8 21. Qxf7
Qe8 22. Qxe8 Raxe8 23. Rg1 Rxg1 24. Kxg1 Kg8 1/2-1/2

[Event "Bundesliga 9798"]
[Site "Deutschland"]
[Date "1998.??.??"]
[Round "?.3"]
[White "Hellsten, Johan"]
[Black "Knaak, Rainer"]
[Result "1/2-1/2"]
[WhiteElo "2495"]
[BlackElo "2555"]
[PlyCount "77"]
[EventDate "1997.10.??"]
[EventType "team"]
[EventRounds "15"]
[EventCountry "GER"]
[SourceTitle "Bundesliga 9798"]
[Source "DeepChess"]
[SourceDate "2005.01.01"]
[SourceVersion "1"]
[SourceVersionDate "2005.01.01"]
[SourceQuality "1"]
[WhiteTeam "SF Neukoelln 03 e.V."]
[BlackTeam "SAbt SV Werder Bremen"]
[WhiteTeamCountry "GER"]
[BlackTeamCountry "GER"]

1. d4 e6 2. c4 f5 3. Nf3 Nf6 4. Nc3 Bb4 5. g3 O-O 6. Bg2 d6 7. O-O Bxc3 8. bxc3
Nc6 9. Nd2 e5 10. Nb3 Re8 11. c5 d5 12. Bg5 e4 13. f3 Ne7 14. Bxf6 gxf6 15.
fxe4 fxe4 16. e3 Rf8 17. Nc1 b6 18. cxb6 axb6 19. Rf2 Qe8 20. Qd2 Ba6 21. Bf1
Bxf1 22. Rxf1 Qc6 23. Ne2 Ra3 24. Rac1 Qc4 25. Rc2 Qd3 26. Qc1 Ng6 27. Rd1 Qa6
28. Rdd2 b5 29. Nf4 Nxf4 30. gxf4 Kh8 31. Rg2 Qd6 32. Qe1 Raa8 33. Qh4 Qe6 34.
Rg3 Rg8 35. Rcg2 Rxg3 36. Qxg3 Rg8 37. Qh4 Rxg2+ 38. Kxg2 Qf5 39. Qh3 1/2-1/2

[Event "Bundesliga 9798"]
[Site "Deutschland"]
[Date "1998.??.??"]
[Round "?.4"]
[White "Babula, Vlastimil"]
[Black "Polzin, Rainer"]
[Result "1-0"]
[WhiteElo "2545"]
[BlackElo "2445"]
[PlyCount "85"]
[EventDate "1997.10.??"]
[EventType "team"]
[EventRounds "15"]
[EventCountry "GER"]
[SourceTitle "Bundesliga 9798"]
[Source "DeepChess"]
[SourceDate "2005.01.01"]
[SourceVersion "1"]
[SourceVersionDate "2005.01.01"]
[SourceQuality "1"]
[WhiteTeam "SAbt SV Werder Bremen"]
[BlackTeam "SF Neukoelln 03 e.V."]
[WhiteTeamCountry "GER"]
[BlackTeamCountry "GER"]

1. d4 Nf6 2. c4 g6 3. Nc3 Bg7 4. e4 d6 5. Nf3 O-O 6. Be2 Na6 7. O-O e5 8. Re1
c6 9. Bf1 Bg4 10. d5 Nb4 11. Be2 a5 12. Bg5 h6 13. Be3 Qb8 14. a3 Na6 15. Bb6
Rc8 16. Nd2 Bxe2 17. Qxe2 Nc7 18. Be3 Nd7 19. g3 Rf8 20. Nf3 Nc5 21. b4 Nb3 22.
Rad1 axb4 23. axb4 c5 24. bxc5 dxc5 25. Qb2 Nd4 26. Nd2 Na6 27. Na2 Qc7 28. Rb1
Rab8 29. Qb6 Qd7 30. Kg2 Kh7 31. Nc1 Nb4 32. Bxd4 Nc2 33. Rf1 Nxd4 34. Qxc5
Rfc8 35. Qa7 Bf8 36. Nd3 Qc7 37. f4 exf4 38. Rxf4 Bg7 39. c5 Qe7 40. c6 Re8 41.
Rxb7 Rxb7 42. Qxb7 Qa3 43. Rxf7 1-0

[Event "Bundesliga 9798"]
[Site "Deutschland"]
[Date "1998.??.??"]
[Round "?.5"]
[White "Schoene, Ralf"]
[Black "Meins, Gerlef"]
[Result "1/2-1/2"]
[WhiteElo "2435"]
[BlackElo "2460"]
[PlyCount "55"]
[EventDate "1997.10.??"]
[EventType "team"]
[EventRounds "15"]
[EventCountry "GER"]
[SourceTitle "Bundesliga 9798"]
[Source "DeepChess"]
[SourceDate "2005.01.01"]
[SourceVersion "1"]
[SourceVersionDate "2005.01.01"]
[SourceQuality "1"]
[WhiteTeam "SF Neukoelln 03 e.V."]
[BlackTeam "SAbt SV Werder Bremen"]
[WhiteTeamCountry "GER"]
[BlackTeamCountry "GER"]

1. c4 e5 2. Nc3 Nf6 3. g3 Bb4 4. Bg2 O-O 5. Nf3 Nc6 6. O-O e4 7. Ne1 Bxc3 8.
dxc3 h6 9. h3 Re8 10. c5 b6 11. Be3 Qe7 12. cxb6 axb6 13. Nc2 d6 14. b3 b5 15.
Bc1 Qe5 16. Nd4 Nxd4 17. cxd4 Qh5 18. e3 Qxd1 19. Rxd1 Nd5 20. Bd2 Bd7 21. a3
Ra7 22. Ra2 f5 23. Rda1 Nb6 24. Rb1 Nd5 25. Bf1 Rea8 26. Rba1 Kf8 27. Be2 Nb6
28. Bc1 1/2-1/2

[Event "Bundesliga 9798"]
[Site "Deutschland"]
[Date "1998.??.??"]
[Round "?.6"]
[White "Heissler, Jakob"]
[Black "Berndt, Stephan"]
[Result "1/2-1/2"]
[WhiteElo "2435"]
[BlackElo "2360"]
[PlyCount "52"]
[EventDate "1997.10.??"]
[EventType "team"]
[EventRounds "15"]
[EventCountry "GER"]
[SourceTitle "Bundesliga 9798"]
[Source "DeepChess"]
[SourceDate "2005.01.01"]
[SourceVersion "1"]
[SourceVersionDate "2005.01.01"]
[SourceQuality "1"]
[WhiteTeam "SAbt SV Werder Bremen"]
[BlackTeam "SF Neukoelln 03 e.V."]
[WhiteTeamCountry "GER"]
[BlackTeamCountry "GER"]

1. e4 c5 2. Nf3 d6 3. d4 cxd4 4. Nxd4 Nf6 5. Nc3 g6 6. Be2 Bg7 7. O-O O-O 8.
Re1 Nc6 9. Nb3 Be6 10. Bf1 a5 11. a4 Bxb3 12. cxb3 Nb4 13. Nd5 Na6 14. Bg5 e6
15. Nxf6+ Bxf6 16. Bxf6 Qxf6 17. Qxd6 Qxb2 18. Rab1 Qc3 19. Rec1 Qb4 20. Qxb4
Nxb4 21. Rc7 Rab8 22. Rd1 Rfc8 23. Rdd7 Rxc7 24. Rxc7 Nc6 25. f3 Nd4 26. Bc4 b5
1/2-1/2

[Event "Bundesliga 9798"]
[Site "Deutschland"]
[Date "1998.??.??"]
[Round "?.7"]
[White "Thiede, Lars"]
[Black "Floegel, Ulrich"]
[Result "1-0"]
[WhiteElo "2335"]
[BlackElo "2365"]
[PlyCount "74"]
[EventDate "1997.10.??"]
[EventType "team"]
[EventRounds "15"]
[EventCountry "GER"]
[SourceTitle "Bundesliga 9798"]
[Source "DeepChess"]
[SourceDate "2005.01.01"]
[SourceVersion "1"]
[SourceVersionDate "2005.01.01"]
[SourceQuality "1"]
[WhiteTeam "SF Neukoelln 03 e.V."]
[BlackTeam "SAbt SV Werder Bremen"]
[WhiteTeamCountry "GER"]
[BlackTeamCountry "GER"]

1. c4 g6 2. g3 Bg7 3. Bg2 d6 4. Nc3 Nf6 5. Nf3 O-O 6. O-O Nc6 7. Rb1 a5 8. a3
Bf5 9. d3 Qd7 10. b4 axb4 11. axb4 Bh3 12. b5 Nd8 13. Bb2 Bxg2 14. Kxg2 c6 15.
Qb3 Ne6 16. Na4 Qc7 17. Ra1 Nd7 18. Bxg7 Kxg7 19. Rfb1 Rfb8 20. Ra3 Kg8 21. Qb2
cxb5 22. cxb5 Rc8 23. Nc3 Rxa3 24. Nd5 Qd8 25. Qxa3 Nb6 26. Ne3 Qc7 27. Qb4 Qc3
28. Qe4 Rc7 29. h4 Nc5 30. Qg4 Ncd7 31. Qg5 Qf6 32. Ng4 Qxg5 33. hxg5 f5 34.
gxf6 Nxf6 35. Nxf6+ exf6 36. Ra1 Rc5 37. Nd4 Nc8 $138 1-0

[Event "Bundesliga 9798"]
[Site "Deutschland"]
[Date "1998.??.??"]
[Round "?.8"]
[White "Meyer, Claus Dieter"]
[Black "Rudolf, Henrik"]
[Result "0-1"]
[WhiteElo "2335"]
[BlackElo "2280"]
[PlyCount "100"]
[EventDate "1997.10.??"]
[EventType "team"]
[EventRounds "15"]
[EventCountry "GER"]
[SourceTitle "Bundesliga 9798"]
[Source "DeepChess"]
[SourceDate "2005.01.01"]
[SourceVersion "1"]
[SourceVersionDate "2005.01.01"]
[SourceQuality "1"]
[WhiteTeam "SAbt SV Werder Bremen"]
[BlackTeam "SF Neukoelln 03 e.V."]
[WhiteTeamCountry "GER"]
[BlackTeamCountry "GER"]

1. e4 g6 2. d4 Bg7 3. Nc3 d6 4. Nf3 Nf6 5. Bf4 c6 6. Qd2 Qa5 7. O-O-O O-O 8.
Bh6 Bg4 9. Bxg7 Kxg7 10. Be2 Nbd7 11. h3 Bxf3 12. gxf3 b5 13. a3 b4 14. Nb1 c5
15. e5 dxe5 16. dxc5 Rab8 17. c6 Nc5 18. Bc4 Rfc8 19. Rhe1 Rxc6 20. Qe3 bxa3
21. Qxa3 Qc7 22. Nc3 Rcb6 23. Nd5 Nxd5 24. Rxd5 Ne6 25. Qc3 f6 26. b3 Nf4 27.
Rd2 Rd6 28. Red1 Rbd8 29. Kb2 Nxh3 30. Rxd6 Rxd6 31. Ra1 Nf4 32. Qb4 h5 33. Qa4
Rd7 34. Bb5 Rd2 35. Bc4 Rd7 36. Bb5 Rd2 37. Bc4 Qc5 38. Qxa7 Qxa7 39. Rxa7 h4
40. Rxe7+ Kh6 41. Re8 Kg5 42. Rh8 Nh5 43. Ra8 h3 44. Ra1 h2 45. b4 Rxf2 46. b5
Rg2 47. b6 Rg1 48. b7 Rxa1 49. Kxa1 h1=Q+ 50. Kb2 Qh4 0-1